| 000 | 00517nam a2200205 4500 | ||
|---|---|---|---|
| 001 | 4539822 | ||
| 005 | 20180307092009.0 | ||
| 008 | 680301s1968 nyua b 000 0 eng | ||
| 010 | _a 68019492 | ||
| 040 |
_aDLC _cDLC _dDLC |
||
| 041 | _aeng | ||
| 080 | _a591 pau | ||
| 082 | 0 | 0 | _a591 pau |
| 100 | 1 | _a7 | |
| 101 | _azoo | ||
| 245 | 1 | 0 |
_aElements of zoology _c[by] Paul B. Weisz. |
| 504 | _aIncludes bibliographical references. | ||
| 906 |
_a7 _bcbc _corignew _du _encip _f19 _gy-gencatlg |
||
| 942 |
_2ddc _cBK |
||
| 999 |
_c44344 _d44344 |
||